Discontinuing operations

Shranjeno v:
Bibliografske podrobnosti
Korporativna značnica: International Accounting Standards Committee (Author)
Format: Knjiga
Jezik:angleščina
Izdano: Londres International Accounting Standards Committee 1996
Serija:Draft Statement of Principles
Teme:
Oznake: Označite
Brez oznak, prvi označite!

MARC

LEADER 00000nam a2200000 a 4500
001 UCT5626
003 CL-VaPUC
008 961216e19960000UK |||||||||||||||||eng|d
082 0 4 |a 657  |b INT  |2 21 
110 2 |a International Accounting Standards Committee  |e author  |9 375220 
245 1 0 |a Discontinuing operations 
300 |a 75 p 
942 |c BK 
945 |d 19961216 00:00:00  |a nastorga 
260 |a Londres  |b International Accounting Standards Committee  |c 1996 
650 0 |a Contabilidad   |9 261430 
650 7 |a ESTADOS FINANCIEROS  |2 CL-VaPUC  |9 375221 
650 0 |a Empresas   |9 255569 
650 0 |a Administración financiera  |9 261146 
650 7 |a OPERACIONES CONTABLES  |2 CL-VaPUC  |9 375222 
583 |a last modification  |c 19961216 00:00:00  |k Rodrigo Vera 
490 0 |a Draft Statement of Principles 
999 |c 254516  |d 254514 
952 |0 0  |1 0  |4 0  |6 657_000000000000000_INT_1996  |7 0  |8 P  |9 276228  |a BIBGIM  |b BIBGIM  |d 2019-11-19  |i 3260380  |o 657 INT 1996  |p 3260380  |r 2025-01-15  |w 2019-11-19  |y BK  |k COM